Математичні моделі та методи визначення тривалості реалізації проектів будівництва в умовах заданих обмежень (на прикладі житлового будівництва) (Запис № 570121)

МАРК-запис
000 -Лідер
fixed length control field 02949nam a22002537a 4500
001 - Контрольний номер
control field 216220152
003 - Ідентифікатор контрольного номера
control field UA-OsUOA
005 - Дата та час останнього входження (трансакції)
control field 20210129164108.0
008 - Елементи даних фіксованої довжини – загальна інформація
fixed length control field 210129b un ||||| m||| 00| 0 ukr d
040 ## - Джерело каталогізації
Агенція оригінальної каталогізації UA-OsUOA
Мова каталогізації ukr
Агенція, яка здійснювала перезапис UA-OsUOA
Агенція, яка здійснювала модифікацію UA-OsUOA
041 ## - Код мови
Код мови тексту/ звукової доріжки чи окремого заголовка (П) ukr
080 ## - Індекс Універсальної десяткової класифікації
Індекс Універсальної десяткової класифікації (УДК) (НП) 330.4:728.1
090 ## - Локальний шифр розміщення
Класифікаційний індекс УДК 330.4:728.1
095 ## - Код спеціальності для авторефератів
Код спеціальності 08.00.11
Назва спеціальності математичні методи, моделі та інформаційні технології в економіці
100 ## - Основне введення – ім’я особи
Ім’я особи (НП) Ревякін В. О.
245 ## - Відомості про назву
Назва (НП) Математичні моделі та методи визначення тривалості реалізації проектів будівництва в умовах заданих обмежень (на прикладі житлового будівництва)
Дані про відповідальність (НП) Ревякін Валентин Олександрович ; наук. керівник Більовський Костянтин Едуардович
260 ## - Публікація, розповсюдження і т.п. (Вихідні дані)
Місце публікації, розповсюдження і т.п. (П) Хмельницький
Дата публікації, розповсюдження і т.п. (П) 2016
300 ## - Фізичний опис
Обсяг 20 с.
502 ## - Примітка про дисертацію
Зв'язок Автореферат дисертації на здобуття наукового ступеня кандидата економічних наук<br/>
Наймення інституції, що представляється Хмельницький національний університет
Рік отримання вченого ступеня 2016
520 ## - Резюме і т.п.
Резюме, реферат, анотація, тощо (НП) Дисертаційна робота присвячена удосконаленню методів оцінки можливості реалізації будівельних проектів в умовах заданих ресурсних та часових обмежень, розробці методів визначення раціональної тривалості виконання робіт на основі моделювання тривалості простих робіт в складних будівельних потоках. <br/>Розроблено системи математичних моделей зведення одно- і багатосекційних житлових будинків із різними схемами організації робіт. Запропоновано методи моделювання технологічної та часової послідовності виконання будівельно-монтажних робіт, які дозволяють в автоматизованому режимі оцінювати можливість реалізації будівельних проектів в умовах заданих обмежень, розробляти і досліджувати різні варіанти тривалості будівництва. Запропоновано методику автоматизованої розробки відповідних планів реалізації проектів та ресурсного забезпечення.
650 ## - Додаткове предметне введення – тематичний термін
Джерело заголовка чи терміна UDC
Тематичний термін чи географічна назва, як елемент введення (НП) 330 Економіка загалом
942 ## - Додаткові елементи входу (Коха)
Source of classification or shelving scheme Universal Decimal Classification
Тип елемента Koha Автореферат
955 ## - Код типу видання за змістом
Код типу видання за змістом (НП) Наукові видання

Немає доступних примірників.